000 00276nam a2200121 a 4500
008 110107s1957|||| d
245 1 0 _aFridrich Engels
100 1 _aStepanová, J.A.
260 _bSVPL
_aBratislava
_c1957
020 _c8,90
041 _aslo
044 _axo
_cSK
999 _c15578
_d15578